000 00647nam a2200241Ia 4500
003 OSt
005 20220918200104.0
006 a|||||r|||| 00| 0
007 ta
008 220917b |||||||| |||| 00| 0 eng d
024 _a87,467
037 _cTextual
040 _aARTS
_cARTS
_beng
041 _2eng
_aeng
082 _aT30g2, K3-;1 (2D)
100 _aLemke Antje B ed
_992717
245 0 _aLibrarianship and adult education
_b a symposium
260 _c1963
490 _aFrontires of librarianship; 5
650 _aEDUCATION
942 _hT30g2, K3-;1 (2D)
_cTEXL
_2CC
999 _c211162
_d211162